|
|
|
|
| LEADER |
00000nam0a2200000 4500 |
| 001 |
170480 |
| 005 |
20231031163713.0 |
| 020 |
|
|
|a RU
|b 88-30444
|
| 035 |
|
|
|a (RuTPU)RU\TPU\book\184881
|
| 035 |
|
|
|a RU\TPU\book\160463
|
| 090 |
|
|
|a 170480
|
| 100 |
|
|
|a 20091123d1985 e y0rusy5003 ca
|
| 101 |
0 |
|
|a rus
|
| 102 |
|
|
|a RU
|
| 105 |
|
|
|a a z 000ay
|
| 200 |
1 |
|
|a Берлин, май 1945
|e записки военного переводчика
|f Е. М. Ржевская
|
| 210 |
|
|
|a Москва
|c Детская литература
|d 1985
|
| 215 |
|
|
|a 208 с.
|d 20 см
|c ил.
|
| 610 |
1 |
|
|a Великая Отечественная война 1941-1945 гг.
|
| 610 |
1 |
|
|a советская литература
|
| 675 |
|
|
|a 9(С)27
|z rus
|
| 700 |
|
1 |
|a Ржевская
|b Е. М.
|g Елена Моисеевна
|4 070
|
| 801 |
|
0 |
|a RU
|b RuMRKP
|c 19950417
|g psbo
|
| 801 |
|
1 |
|a RU
|b 63413507
|c 20081125
|g PSBO
|
| 801 |
|
2 |
|a RU
|b 63413507
|c 20140214
|g PSBO
|
| 942 |
|
|
|c BK
|